000 00757cam a22002413a 4500
001 30956
003 PGUSA
005 20140828083653.0
008 100113s2010||||xxu|||||s|||||000 | eng d
040 _aPGUSA
_beng
042 _adc
050 4 _aHC
100 1 _aMyers, Gustavus,
_d1872-1942
245 1 0 _aHistory of the Great American Fortunes, Vol. I :
_bConditions in Settlement and Colonial Times
_h[electronic resource] /
_cGustavus Myers
260 _bProject Gutenberg,
_c2010
506 _aPublic domain in the USA.
516 _aElectronic text
653 _aWealth -- United States
653 _aUnited States -- Economic conditions
830 0 _aProject Gutenberg
_v30956
856 4 0 _uhttp://www.gutenberg.org/ebooks/30956
942 _cEB
999 _c260211
_d260211